000 00291 a2200133 4500
001 91652
082 _aPR 1620
090 _c43812
_d43811
100 _aFuad;
245 _aElectronics Labs
_n51 "B EC
260 _aRawalpindi
_bNUST
_c1999
300 _a100p
500 _aBE Project Reports
942 _aCAE NUST
_kPR 1620
999 _c326725
_d326725